| 000 | 00978ngm a2200229 a 4500 | ||
|---|---|---|---|
| 005 | 20240925070101.0 | ||
| 008 | 050913s2003 mx 026 aaspa d | ||
| 035 | _aUPN01000140085 | ||
| 049 | _aAV | ||
| 050 | 4 | _aDVD LC 27 | |
| 245 | 0 | 4 |
_aLas aventuras de : _bDavid y Goliat. |
| 260 |
_aMéxico : _bEurolatinoamericano, _c2003. |
||
| 300 |
_a1 DVD (26 min.) : _bson., col. ; _c4 3/4 plg. |
||
| 440 | 0 | _aValores y familia : la valentía | |
| 440 | 4 | _aLas aventuras de Juan el molinero | |
| 501 | _aCon: Peter el héroe de Holanda | ||
| 520 | _aJuan está durmiendo en la casa del bosque y de repente, se despierta por un fuerte grito de Nina que acaba de descubrir un mirciélago en la cabaña; Juan se da cuenta de que Nina necesita ser valiente; para ayudarla le cuenta la historia de David y Goliat y la historia de Peter el héroe de Holanda | ||
| 650 | 4 |
_aEducación moral _91396 |
|
| 650 | 4 |
_aValores _9308 |
|
| 650 | 2 |
_aValentía _915855 |
|
| 905 | _aAudiovisuales | ||
| 999 |
_c112233 _d112233 |
||